Mantenimiento y operación de una máquina de corte de cuero a presión de agua / (Registro nro. 2304)

Detalles MARC
000 -LEADER
campo de control de longitud fija 02357nam a22004217a 4500
001 - NÚMERO DE CONTROL
campo de control 42835
003 - IDENTIFICADOR DE NÚMERO DE CONTROL
campo de control gtgccic
005 - FECHA Y HORA DE LA ÚLTIMA TRANSACCIÓN
campo de control 20251013104832.0
007 - CAMPO FIJO DE DESCRIPCIÓN FÍSICA--INFORMACIÓN GENERAL
campo de control de longitud fija ta
008 - DATOS DE LONGITUD FIJA--INFORMACIÓN GENERAL
campo de control de longitud fija 251013b gt ||||| |||| 00| 0 spa d
040 ## - FUENTE DE CATALOGACIÓN
Centro catalogador/agencia de origen gtgccic
Lengua de catalogación spa
Centro/agencia transcriptor gtgccic
Normas de descripción rda
084 ## - OTRO NÚMERO DE CLASIFICACIÓN
Número de control del registro de autoridad o número normalizado TPI-14-0060
100 10 - ENTRADA PRINCIPAL--NOMBRE DE PERSONA
Nombre de persona Salvador Girón Véliz
Fechas asociadas al nombre Ingeniero Mecánico
Término indicativo de función/relación autor
245 10 - MENCIÓN DEL TÍTULO
Título Mantenimiento y operación de una máquina de corte de cuero a presión de agua /
Mención de responsabilidad, etc. Girón Véliz, Salvador
264 #1 - PRODUCCIÓN, PUBLICACIÓN, DISTRIBUCIÓN, FABRICACIÓN Y COPYRIGHT
Producción, publicación, distribución, fabricación y copyright Guatemala, Guatemala :
Nombre del de productor, editor, distribuidor, fabricante USAC, Facultad de Ingeniería ;
Fecha de producción, publicación, distribución, fabricación o copyright 2014.-
300 ## - DESCRIPCIÓN FÍSICA
Extensión xxii, 79 pag. :
Otras características físicas il. ;
Dimensiones 27 cm
336 ## - TIPO DE CONTENIDO
Fuente rdacontenido
Término de tipo de contenido Texto
Código de tipo de contenido txt
337 ## - TIPO DE MEDIO
Fuente rdamedio
Nombre/término del tipo de medio sin mediación
Código del tipo de medio n
338 ## - TIPO DE SOPORTE
Fuente rdasoporte
Nombre/término del tipo de soporte volumen
Código del tipo de soporte nc
502 ## - NOTA DE TESIS
Nota de tesis Tesis Postgrado
Tipo de título MAESTRO EN INGENIERÍA EN MANTENIMIENTO
Nombre de la institución que otorga el título USAC, Facultad de Ingeniería, Escuela de Postgrado
Año de obtención del título 2014
Identificador de la tesis TPI-14-0060
504 ## - NOTA DE BIBLIOGRAFÍA, ETC.
Nota de bibliografía, etc. Nota Bibliografía pag. 71
505 ## - NOTA DE CONTENIDO CON FORMATO
Título 1. MANTENIMIENTO PRODUCTIVO TOTAL
505 ## - NOTA DE CONTENIDO CON FORMATO
Título 2. DESCRIPCIÓN DEL SITEMA MECÁNICO
505 ## - NOTA DE CONTENIDO CON FORMATO
Título 3. BOMBA DE ALTA PRESIÓN DE 30 HP
505 ## - NOTA DE CONTENIDO CON FORMATO
Título 4. SISTEMA ELÉCTRICO
505 ## - NOTA DE CONTENIDO CON FORMATO
Título 5. SISTEMA NEUMÁTICO
505 ## - NOTA DE CONTENIDO CON FORMATO
Título 6. SISTEMA HIDRÁULICO
505 ## - NOTA DE CONTENIDO CON FORMATO
Título 7. MODO DE OPERACIÓN DE FORMA MANUAL Y MEDIDAS DE SEGURIDAD
505 ## - NOTA DE CONTENIDO CON FORMATO
Título 8. MANTENIMIENTO PREVENTIVO
505 ## - NOTA DE CONTENIDO CON FORMATO
Título 9. ANÁLISIS DE RESULTADOS DEL MANTENIMIENTO DEL SISTEMA DE CORTE A PRESIÓN DE AGUA
520 #3 - RESUMEN, ETC.
Sumario, etc. El presente proyecto, corresponde a la realización de mantenimiento y operación de un equipo de corte a presión de agua en la industria manufacturera. La investigación cuenta con los fundamentos prácticos necesarios que soportan el área técnica y experimental. Uno de los objetivos es llevarlo a la práctica como un proyecto de aplicación y pretende brindar nuevas propuestas de experimentación dentro del ámbito laboral, que pueden ser fácilmente desarrolladas y aplicadas en los demás equipos de la planta durane el proceso de producción. Finalmente, se busca que el departamento de mantenimiento pueda verificar los resultados obtenidos y sobre todo la seguridad personal en la ejecución de las actividades.
650 ## - PUNTO DE ACCESO ADICIONAL DE MATERIA--TÉRMINO DE MATERIA
Término de materia o nombre geográfico como elemento de entrada OPERACIÓN DE MANTENIMIENTO
650 ## - PUNTO DE ACCESO ADICIONAL DE MATERIA--TÉRMINO DE MATERIA
Término de materia o nombre geográfico como elemento de entrada MAQUINARIA HIDRÁULICA
650 ## - PUNTO DE ACCESO ADICIONAL DE MATERIA--TÉRMINO DE MATERIA
Término de materia o nombre geográfico como elemento de entrada MARROQUINERÍA
700 ## - ENTRADA AGREGADA--NOMBRE PERSONAL
Nombre de persona MSc. Ing. Carlos Humberto Pérez Rodríguez
Término indicativo de función/relación asesor
942 ## - ELEMENTOS DE ENTRADA SECUNDARIOS (KOHA)
Fuente de la clasificación o esquema de estantería Clasificación Decimal Dewey
Tipo de ítem Koha TESISPOSTGRADO
945 ## - PROCESAMIENTO DE INFORMACIÓN LOCAL (OCLC)
a amlo
Existencias
Estatus retirado Estado de pérdida Fuente de la clasificación o esquema de estantería Estado de daño No para préstamo Biblioteca de origen Biblioteca actual Fecha de adquisición Número de inventario Total de préstamos Signatura topográfica completa Código de barras Visto por última vez Precio de reemplazo Tipo de ítem Koha Nota pública
    Clasificación Decimal Dewey     CENTRO DE INFORMACIÓN A LA CONSTRUCCIÓN-CICON CENTRO DE INFORMACIÓN A LA CONSTRUCCIÓN-CICON 13/10/2025 P2014-0060   TPI-14-0060 20140060 13/10/2025 13/10/2025 TESISPOSTGRADO disponible